000 02214nam0a2200385 4500
001 RU\NLR\bibl\1828126
005 20250616163315.0
010 _a978-5-903978-10-6
_9250
021 _aRU
_b2011-77770
_95535
035 _a(nilc)LIBNET\0000220065
035 _a(NLR Aleph) 001818644
090 _a1974130
_c1974130
100 _a20120320d2011 |||y0rusy50 ca
101 0 _arus
102 _aRU
105 _aa |||||||||
200 1 _aЭкологическое образование как средство социального развития детей с ограниченными возможностями здоровья
_eиз опыта работы с учениками школы "надомного обучения"
_e[методическое пособие]
_fО.А. Чернухин
_gОбщерос. обществ. орг. "Центр экол. политики и культуры" [и др.]
210 _aНовосибирск
_c[б.и.]
_d2011
215 _a107 с.
_cил.
_d21
300 _aНа 4-й с. обл. авт.: О.А. Чернухин, засл. деят. просвещения, лауреат Нац. экол. премии 2010 г.
300 _aВ надзаг. также: Дворец творчества детей и учащейся молодежи "Юниор", Сред. общеобразоват. шк. "Перспектива" (шк. надом. обучения)
320 _aБиблиогр.: с. 65-76 и в тексте
606 1 _aДети с ограниченными возможностями здоровья
_jМетодические пособия
_xЭкологическое воспитание
_92433896
_3RU\NLR\auth\661448460
686 _a74.59я73
_vLBC/RL
_2rubbk
686 _aЧ430.135.227я8
700 1 _aЧернухин
_bО. А.
_gОлег Алексеевич
_4070
801 0 _aRU
_bНовосибирская ГОНБ
_c20120320
_grcr
801 1 _aRU
_bНовосибирская ГОНБ
_c20120320
_grcr
_2rusmarc
801 2 _aRU
_bNLR
_c20111101
_grcr
830 _aавт. раскрыт по кн.
942 _cBOOK
980 _aNB
980 _aNBR